Pays les plus proches de la Lituanie - 30 secondes sprint - Statistiques

Statistiques générales
  • Ce quiz a été pris 90 fois
  • Le résultat moyen est 11 sur 20
Statistiques - réponses
km pays % Correct
0 Lettonie
98%
0 Russie
98%
152 Estonie
95%
0 Biélorussie
86%
378 Finlande
82%
0 Pologne
77%
195 Suède
68%
221 Ukraine
65%
458 Allemagne
63%
645 Norvège
55%
647 Roumanie
46%
517 Slovaquie
43%
368 Danemark
42%
620 Hongrie
40%
565 Tchequie
38%
632 Moldavie
31%
743 Autriche
29%
920 Pays-Bas
14%
898 Serbie
11%
940 Slovénie
11%
Aucun quiz correspondant
Distribution des résultats
% des personnes avec chaque résultat
Percentile par nombre de réponses
Votre historique - résultats
Vous n’avez pas pris ce quiz